00580 2200229 4500001002100000005001700021008004100038020001800079035002400097082001200121090001900133100002200152245003800174250001100212260003500223300002800258650001500286850001500301980001300316985000600329999001500335YOGYA-0209000001388320090227022351.0 ind  a979-489-043-x 0010-020900000013883 a338.642 a338.642bHer I aHERNANTO, Fadholi aIlmu usaha tanicFadholi Hernanto aCet. 2 aJakartabPenebar Swadayac1991 axv,309 hlmbilusc20 cm aUsaha Tani aYOPDYOG(B) a09-07-05 a1 a94P0048634